PALABRAS ESCRITAS POR VOS (Registro nro. 58703)
[ vista simple ]
| 000 -LEADER | |
|---|---|
| fixed length control field | 00858nam a2200181 a 4500 |
| 001 - CONTROL NUMBER | |
| control field | 58703 |
| 005 - DATE AND TIME OF LATEST TRANSACTION | |
| control field | 20180714055414.0 |
| 008 - FIXED-LENGTH DATA ELEMENTS--GENERAL INFORMATION | |
| fixed length control field | 140415s2008 ag 000 0 spa d |
| 041 ## - LANGUAGE CODE | |
| Language code of text/sound track or separate title | spa |
| 082 ## - DEWEY DECIMAL CLASSIFICATION NUMBER | |
| Classification number | 808.89 |
| Item number | ARG |
| 100 1# - MAIN ENTRY--PERSONAL NAME | |
| Personal name | ARGENTINA. MINISTERIODE EDUCACION |
| 245 10 - TITLE STATEMENT | |
| Title | PALABRAS ESCRITAS POR VOS |
| 250 ## - EDITION STATEMENT | |
| Edition statement | 1a ed. |
| 260 ## - PUBLICATION, DISTRIBUTION, ETC. | |
| Place of publication, distribution, etc. | ARGENTINA : |
| Name of publisher, distributor, etc. | MINISTERIO DE EDUCACION, |
| Date of publication, distribution, etc. | 2008 |
| 300 ## - PHYSICAL DESCRIPTION | |
| Extent | 139 |
| Dimensions | 13.5 x 1 x 21 |
| 520 ## - SUMMARY, ETC. | |
| Summary, etc. | A CADA UNO DE LOS DOCENTES ARGENTINOS QUE, CON SU ESFUERZO COTIDIANO, PONEN LAS BASES DE UNA SOCIEDAD JUSTA A TRAVÉS DE LA EDUCACIÓN DE NUESTROS NIÑOS, NIÑAS, JÓVENES Y ADULTOS. CONFÍO QUE ESTOS CUENTOS Y POEMAS LOS CONMUEVAN, QUE LOS DISFRUTEN, LOS COMPARTAN Y LOS GUARDEN EN UN LUGAR DE PRIVILEGIO EN SUS LECTURAS PREFERIDAS |
| 650 14 - SUBJECT ADDED ENTRY--TOPICAL TERM | |
| Topical term or geographic name entry element | LITERATURA JUVENIL |
| General subdivision | LITERATURA JUVENIL |
| -- | EDUCACION PRIMARIA |
| Withdrawn status | Lost status | Source of classification or shelving scheme | Damaged status | Not for loan | Collection code | Home library | Current library | Shelving location | Date acquired | Source of acquisition | Inventory number | Total Checkouts | Full call number | Barcode | Price effective from | Koha item type |
|---|---|---|---|---|---|---|---|---|---|---|---|---|---|---|---|---|
| Dewey Decimal Classification | General | Biblioteca Karol Wojtyla | Biblioteca Karol Wojtyla | Sala general | 03/12/2013 | Compra | 151000000000000000032255 | 808.89 ARG | 88815 | 03/12/2013 | Libro |